Bandas e Artistas do Rock Brasileiro 1950-2024 - Statistics

Estatísticas Gerais
  • Esse quiz foi jogado 264 vezes
  • A pontuação média é 49 de 347
Estatísticas das Respostas
Inicial Artista Música % Correto
L Legião Urbana Tempo Perdido
90%
C Charlie Brown Jr. Proibida Pra Mim
82%
C Cazuza Exagerado
81%
M Mamonas Assassinas Robocop Gay
79%
R Raul Seixas Metamorfose Ambulante
78%
T Titãs Homem Primata
78%
E Engenheiros do Hawaii Infinita Highway
77%
B Barão Vermelho Pro Dia Nascer Feliz
76%
R Rita Lee Lança Perfume
76%
S Skank Pacato Cidadão
76%
C Capital Inicial Música Urbana
75%
C Cássia Eller Malandragem
75%
P Pitty Na Sua Estante
75%
L Los Hermanos Anna Júlia
74%
R Raimundos Mulher de Fases
74%
O Os Paralamas do Sucesso Vital e Sua Moto
73%
B Blitz Você Não Soube Me Amar
65%
C CPM 22 Dias Atrás
62%
N NX Zero Razões e Emoções
62%
R Roberto Carlos É Proibido Fumar
61%
R RPM Olhar 43
61%
S Sepultura Roots Bloody Roots
61%
K Kid Abelha Como Eu Quero
60%
J Jota Quest Fácil
58%
R Roupa Nova Whisky a Go Go
57%
I Ira! Dias de Luta
56%
U Ultraje a Rigor Inútil
55%
D Detonautas Roque Clube Quando o Sol Se For
52%
L Lulu Santos Toda Forma de Amor
52%
N Nenhum de Nós Camila, Camila
52%
Z Zé Ramalho Chão de Giz
52%
O Os Mutantes Ando Meio Desligado
51%
E Erasmo Carlos Minha Fama de Mau
49%
O O Rappa Minha Alma
48%
R Restart Levo Comigo
48%
R Ritchie Menina Veneno
48%
B Biquini Cavadão Vento Ventania
47%
S Supla Green Hair (Japa Girl)
47%
T Tihuana Tropa de Elite
45%
A Angra Carry On
44%
F Frejat Segredos
44%
L LS Jack Carla
44%
F Fresno Alguém Que Te Faz Sorrir
42%
N Nando Reis Luz Dos Olhos
41%
R Ratos de Porão Crocodila
41%
O O Surto A Cera
38%
M Malta Diz Pra Mim
34%
R Renato Russo Cathedral Song
34%
P Planet Hemp Mantenha o Respeito
33%
L Lobão Me Chama
32%
C Cidade Negra O Erê
31%
P Plebe Rude Até Quando Esperar
31%
# 14 Bis Linda Juventude
30%
C Chico Science e Nação Zumbi Maracatu Atômico
29%
M Massacration Metal Is The Law
29%
P Pato Fu Perdendo Dentes
29%
C Catedral Eu Amo Mais Você
28%
C Camisa de Vênus Simca Chambord
27%
W Wanderléa Pare o Casamento
27%
O Otto Seis Minutos
26%
C Cachorro Grande Sexperienced
25%
C Celly Campello Estúpido Cupido
25%
L Léo Jaime A Fórmula do Amor
24%
L Leoni Garotos II - O Outro Lado
24%
K Kiko Zambianchi Primeiros Erros
23%
M Matanza Pé Na Porta, Soco na Cara
23%
N Nação Zumbi Quando a Maré Encher
23%
N Novos Baianos Brasil Pandeiro
23%
P Pedra Letícia Teorema de Carlão
22%
S Strike Paraíso Proibido
22%
C Cine Garota Radical
21%
G Guilherme Arantes Cheia de Charme
20%
P P.O. Box Papo de Jacaré
20%
A A Banda Mais Bonita da Cidade Oração
19%
A Arnaldo Antunes Socorro
19%
R Radio Táxi Eva
19%
V Velhas Virgens Abre Essas Pernas Pra Mim
19%
M Metrô Beat Acelerado
18%
O O Terno Ai, Como Eu Me Iludo
18%
S Supercombo Piloto Automático
18%
U Uns e Outros Carta Aos Missionários
18%
F Forfun Sol ou Chuva
17%
G Garotos Podres Papai Noel, Velho Batuta
17%
S Secos & Molhados Sangue Latino
17%
T Tokyo Garota de Berlim
17%
V Vitroles Gatinha Comunista
17%
C Cogumelo Plutão Esperando Na Janela
15%
D Dead Fish Você
15%
H Hateen 1997
15%
M Marina Lima Uma Noite e 1/2
15%
O O Grilo Serenata Existencialista
15%
P Pepeu Gomes Mil e Uma Noites de Amor
14%
S Shaman Fairy Tale
14%
I Inimigos do Rei Uma Barata Chamada Kafka
13%
I Inocentes Pânico em SP
13%
J João Penca e Seus Miquinhos Amestrados Popstar
13%
O Os Virgulóides Bagulho no Bumba
13%
R Reação Em Cadeia Me Odeie
13%
R Rosa de Saron Sem Você
13%
T Tianastácia Cabrobró
13%
T Tutti Frutti Agora Só Falta Você
13%
Y Yahoo Mordida de Amor
13%
H Herva Doce Amante Profissional
12%
J Júpiter Maçã Um Lugar do Caralho
12%
R Rogério Skylab Carrocinha de Cachorro-Quente
12%
B Banda do Mar Mais Ninguém
11%
B Bidê ou Balde Melissa
11%
H Hanói-Hanói Totalmente Demais
11%
H Heróis da Resistência Só Pro Meu Prazer
11%
H Humberto Gessinger Bora
11%
O Oficina G3 João
11%
R Renato e Seus Blue Caps Será Mentira ou Será Verdade
11%
V Vinny Te Encontrar de Novo
11%
A Absyntho Meu Ursinho Blau-Blau
10%
A Arnaldo Baptista Cê Tá Pensando Que Eu Sou Lóki?
10%
B B5 Só Mais Uma Vez
10%
C Casa das Máquinas Casa de Rock
10%
F Fausto Fawcett Kátia Flávia, A Godiva do Irajá
10%
F Felipe Dylon Deixa Disso
10%
H Hevo 84 Passos Escuros
10%
J Jerry Adriani Doce, Doce Amor
10%
O Os Replicantes Surfista Calhorda
10%
S Scracho Morena
10%
Z Zero Agora Eu Sei
10%
# 365 São Paulo
9%
G Gloria Minha Paz
9%
H Hori Linda, Tão Linda
9%
M Magazine Sou Boy
9%
M Marcelo Nova Pastor João e a Igreja Invisível
9%
M Marjorie Estiano Por Mais Que Eu Tente
9%
O Os Incríveis O Vagabundo
9%
P Polegar Dá Pra Mim
9%
S Scalene Surreal
9%
T Terno Rei Solidão de Volta
9%
A Autoramas Fale Mal de Mim
8%
D Dr. Sin Futebol, Mulher e Rock N' Roll
8%
G Gang 90 e as Absurdettes Nosso Louco Amor
8%
R Ronnie Von Máquina Voadora
8%
S Suricato Trem
8%
T TNT Nunca Mais Voltar
8%
V Vespas Mandarinas Não Sei O Que Fazer Comigo
8%
A Acústicos & Valvulados Até A Hora De Parar
7%
C Cidadão Quem Dia Especial
7%
D Dibob 1x0 Eu
7%
D Dr. Silvana & Cia Serão Extra
7%
E Eduardo Araújo O Bom
7%
O Os Cascavelletes Sob Um Céu de Blues
7%
T Tequila Baby Velhas Fotos
7%
T The Fevers Vem me Ajudar
7%
V Vera Loca Borracho y Loco
7%
V Viper Living for The Night
7%
A Aliados Sem Sair do Lugar
6%
C Cólera Pela Paz
6%
C Cueio Limão Minha Juventude
6%
D De Falla Popozuda Rock N' Roll
6%
G Grafite Mamma Maria
6%
G Graforréia Xilarmônica Amigo Punk
6%
G Gram Você Pode ir Na Janela
6%
L Leela Te Procuro
6%
L Luxúria Ódio
6%
M Made in Brazil Minha Vida é Rock N´Roll
6%
O O Teatro Mágico Nosso Pequeno Castelo
6%
O O Terço Hey Amigo
6%
P Penélope Namorinho de Portão
6%
S Sarcófago Screeches From The Silence
6%
S Seu Cuca Já Que Você Não me Quer Mais
6%
U Ultramen Dívida
6%
W Wander Wildner Bebendo Vinho
6%
W Wilson Sideral Não Pode Parar
6%
A A Cor do Som Zanzibar
5%
A Ave Sangria O Pirata
5%
B Baba Cósmica Uma Pedra no Meu Caminho
5%
B Black Pantera Punk Rock Nigga Roll
5%
C Celso Blues Boy Aumenta Que Isso Aí é Rock N' Roll
5%
D Darvin Pensa em Mim
5%
E Eduardo Dussek Rock da Cachorra
5%
F Far From Alaska Relentless Game
5%
G Golpe de Estado Noite de Balada
5%
J Joelho de Porco São Paulo By Day
5%
K Krisiun The Will To Potency
5%
L Ludov Princesa
5%
L Luka Sem Resposta
5%
M Moptop Aonde Quer Chegar?
5%
O Os Golden Boys Alguém na Multidão
5%
P Plutão Já Foi Planeta O Ficar e o Ir Da Gente
5%
P Project46 Erro +55
5%
R Replace Ponto de Paz
5%
S Sempre Livre Eu Sou Free
5%
V Vanguart Meu Sol
5%
A Agridoce Dançando
4%
C Cansei de Ser Sexy Alala
4%
C Comunidade Nin-Jitsu Não Aguento Mais
4%
C Crypta From The Ashes
4%
E Egotrip Viagem ao Fundo do Ego
4%
F Fake Number Aquela Música
4%
H Hojerizah Pros Que Estão Em Casa
4%
K Karnak Juvenar
4%
K Korzus Truth
4%
K K-SIS Tem Dias
4%
M Maglore Mantra
4%
M Móveis Coloniais de Acaju Dois Sorrisos
4%
N Nervosa Kill The Silence
4%
O Olho Seco Nada
4%
P Pholhas My Mistake
4%
R Ramirez Matriz
4%
R Rancore Jeito Livre
4%
R Ronnie Cord Rua Augusta
4%
R Rumbora O Mapa da Mina
4%
S Selvagens à Procura da Lei Brasileiro
4%
V Vange Leonel Noite Preta
4%
A A Barca do Sol Lady Jane
3%
A Afrodite Se Quiser O Que é Que Ela Tem Que Eu Não Tenho?
3%
A Agentss Cidade Industrial
3%
A Apanhador Só Um Rei e o Zé
3%
A As Mercenárias Santa Igreja
3%
B Blind Pigs Conformismo e Resistência
3%
B Boogarins Doce
3%
B Brava Todo Mundo Quer Cuidar de Mim
3%
B Brothers Of Brazil Melodies From Hell
3%
B Brylho Noite do Prazer
3%
D Devotos Punk Rock Hardcore Alto José do Pinho
3%
E Eddie Pode me Chamar
3%
F Fellini Rock Europeu
3%
F Fincabaute Coisa de Maluco
3%
F Finis Africae Armadilha
3%
G Gangrena Gasosa Centro do Pica-Pau Amarelo
3%
G Garage Fuzz Embedded Needs
3%
G Gritando HC Velho Punk
3%
H Hibria Tiger Punch
3%
L Ludovic Janeiro Continua Sendo o Pior dos Meses
3%
M Maria do Relento Conhece o Mário
3%
M Mundo Livre S/A Livre Iniciativa
3%
O Odair José Nunca Mais
3%
O Os Vips A Volta
3%
P Pedro Luís e a Parede Rap do Real
3%
P Picassos Falsos Carne e Osso
3%
P P.U.S. Seu Verino
3%
R Relespública Nunca Mais
3%
S Sá, Rodrix e Guarabyra Jesus Numa Moto
3%
S Sugar Kane Revolução
3%
T Torture Squad Raise Your Horns
3%
V Violeta de Outono Dia Eterno
3%
V Vivendo do Ócio Nostalgia
3%
A A Bolha Um Passo À Frente
2%
A A Chave do Sol Sun City
2%
B Bacamarte Depois do Fim
2%
B Black Drawing Chalks My Favorite Way
2%
C Cabine C Neste Deserto
2%
C Canto Dos Malditos Na Terra do Nunca Olha Minha Cara
2%
C Carlos Gonzaga Diana
2%
C Carro Bomba Migalhas
2%
C Cascadura Mesmo Eu Estando do Outro Lado
2%
C Cauby Peixoto Rock N' Roll em Copacabana
2%
D Degradée Mais Que Um Sonhador
2%
D Dorsal Atlântica Guerrilha
2%
E Ego Kill Talent The Call
2%
G Garotos da Rua Tô de Saco Cheio
2%
H Hangar Dreaming of Black Waves
2%
H Harppia Na Calada da Noite
2%
H Houdini Pra Você Dizer
2%
L Lagoa Revista de Mulher Pelada
2%
L Landau Lata Velha
2%
L Leno & Lílian Pobre Menina
2%
L Lixomania Os Punks Também Amam
2%
M Merda Maradona
2%
M Mombojó Papapa
2%
M Mukeka di Rato Cachaça
2%
P Patrulha do Espaço Sunshine
2%
P Paulinho Moska A Seta e o Alvo
2%
P Pavilhão 9 Mandando Bronca
2%
P Pullovers Tudo Que Eu Sempre Sonhei
2%
R Rock Rocket Cerveja Barata
2%
R Rosa Tattooada O Inferno Vai Ter Que Esperar
2%
S Sérgio Murilo Broto Legal
2%
S Soulfly Prophecy
2%
S Soulstripper Não Trocaria Um Sorvete de Flocos Por Você
2%
T Taffo Me Dê Sua Mão
2%
T Taranatiriça Fazê Um Bolo
2%
V Voluntários da Pátria Cadê o Socialismo?
2%
Z Zander Dialeto
2%
Z Zumbis do Espaço Nos Braços da Vampira
2%
A Akira S. e As Garotas Que Erraram Sobre as Pernas
1%
A Azul 29 Vídeogame
1%
B Bandaliera Campo Minado
1%
B Banzé Doce Ilusão
1%
B Baranga Pirata do Tietê
1%
B Bixo da Seda Estação Elétrica
1%
B Bobby de Carlo Tijolinho
1%
C Catapulta Puêra
1%
C Cérebro Eletrônico Pareço Moderno
1%
C Cidadão Instigado O Tempo
1%
C Cowboys Espirituais Jovem Cowboy
1%
D Deny e Dino Coruja
1%
E El Efecto O Drama da Humana Manada
1%
F Faichecleres Metida Demais
1%
F Forgotten Boys 5 Mentiras
1%
G Garotas Suecas Banho de Bucha
1%
H Harry Genebra
1%
H Hay Kay Segredos
1%
H Hillbilly Rawhide O Enxofre e a Cachaça
1%
K Kiara Rocks Últimos Dias
1%
L Little Quail and The Mad Birds Aquela
1%
M Macaco Bong Shift
1%
M Maldita Anatomia
1%
M Maskavo Roots Tempestade
1%
M Mindflow Break Me Out
1%
M Moto Perpétuo Verde Vertente
1%
M Move Over História de Princesa
1%
N Nau Corpo Vadio
1%
O O Peso Não Fique Triste
1%
O Os Gurus Até o Fim do Mundo
1%
O Os Ostras Uma, Duas ou Três
1%
O Overdose Straight to the Point
1%
P Patife Band Corredor Polonês
1%
P Pública Casa Abandonada
1%
R Restos de Nada Eles Vêm e Vão
1%
S Serguei Rock do Papai
1%
S Shadowside Hideaway
1%
S Som Imaginário Feira Moderna
1%
S Som Nosso De Cada Dia Sinal da Paranóia
1%
S Stress Coração de Metal
1%
S Syang Olha Pra Mim
1%
S Sylvinha Banho de Sorvete
1%
T Textículos de Mary Propóstata
1%
T The Baggios Limaia
1%
T The Clevers Não Acredite
1%
T The Jet Blacks Tema Para Jovens Enamorados
1%
T Tolerância Zero Ninguém Presta
1%
T Tony Campello Pobre de Mim
1%
T Toyshop Daydream
1%
U Us.4 Nem Sempre o Que se Quer é o Que se Tem
1%
V Versalle Mente Cheia
1%
V Virna Lisi Vou te Mostrar
1%
V Vulcano Total Destruição
1%
B Betinho & Seu Conjunto Enrolando o Rock
0%
E Elétrodomésticos Choveu No Meu Chip
0%
H Heleninha Silveira Ronda das Horas
0%
H Holger Ilhabela
0%
H Holly Tree Hey, Stop It!
0%
M Muzak O Que Esperar
0%
O Omar e os Cianos Abominável Homem Das Neves
0%
O Os The Darma Lóvers O Homem Que Calculava
0%
P Pin Ups To All Our Friends
0%
S Sukhoi Solidão a Dois
0%
T The Blue Jean Rockers Here's The Blue Jean Rockers
0%
T The Jordans Blue Star
0%
V Volkana Darkness
0%
Nenhum quiz correspondente encontrado
Distribuição das Pontuações
Porcentagem de Pessoas com Cada Pontuação
Percentil de Números Respondidos
Sua Pontuação Histórica
Você não jogou esse quiz